000 00293nam a22001337a 4500
008 170714b xxu||||| |||| 00| 0 eng d
020 _a9780517204191
041 _aeng
080 _a101
100 _a24
101 _aFIL
245 _aA DICTIONARY OF PHILOSOPHY
_cFLEW, A
942 _2udc
_cBK
999 _c20737
_d20737